| 000 | 01516nam a2200361Ia 4500 | ||
|---|---|---|---|
| 001 | ebr10409686 | ||
| 003 | CaPaEBR | ||
| 006 | m u | ||
| 007 | cr cn||||||||| | ||
| 008 | 940502r19941974wiuab sb s001 0beng d | ||
| 010 | _z 94018104 | ||
| 020 | _z9780299145040 | ||
| 020 | _z029914500X (cloth) | ||
| 020 | _z0299145042 (paper) | ||
| 040 |
_aCaPaEBR _cCaPaEBR |
||
| 035 | _a(OCoLC)615635587 | ||
| 050 | 1 | 4 |
_aQH31.L618 _bF57 1994eb |
| 100 | 1 | _aFlader, Susan. | |
| 245 | 1 | 0 |
_aThinking like a mountain _h[electronic resource] : _bAldo Leopold and the evolution of an ecological attitude toward deer, wolves, and forests / _cSusan L. Flader. |
| 260 |
_aMadison, WI : _bUniversity of Wisconsin Press, _c[1994], c1974. |
||
| 300 |
_axxxii, 284 p. : _bill., maps. |
||
| 504 | _aIncludes bibliographical references (p. 272-276) and index. | ||
| 533 |
_aElectronic reproduction. _bPalo Alto, Calif. : _cebrary, _d2010. _nAvailable via World Wide Web. _nAccess may be limited to ebrary affiliated libraries. |
||
| 600 | 1 | 0 |
_aLeopold, Aldo, _d1886-1948. |
| 650 | 0 |
_aEcology _zUnited States _xHistory. |
|
| 650 | 0 |
_aWildlife management _zUnited States _xHistory. |
|
| 650 | 0 |
_aEcologists _zUnited States _vBiography. |
|
| 650 | 0 |
_aWildlife management _zUnited States _vBiography. |
|
| 650 | 0 | _aDeer. | |
| 655 | 7 |
_aElectronic books. _2local |
|
| 710 | 2 | _aebrary, Inc. | |
| 856 | 4 | 0 |
_uhttp://site.ebrary.com/lib/rucke/Doc?id=10409686 _zAn electronic book accessible through the World Wide Web; click to view |
| 999 |
_c183904 _d183904 |
||